000 00763nam a22002055i 4500
001 158142
003 ES-MaACL
005 20230906211032.0
008 960320s1893 fr |||| | fre d
040 _aGA
_bspa
_cCCPB | SIC
100 1 _aLoti, Pierre.
_974298
245 1 2 _aL'exilée /
_cpar Pierre Loti.
260 _aParis :
_bCalmann Lévy, éditeur, Ancienne Maison Michel Lévy Frères,
_c1893 (
_fImprimerie Chaix)
300 _a[4], 269 p. ;
_c19 cm.
490 1 _aBibliothèque Comtemporaine
594 _aPierre Loti es seud. de Louis Marie Julien Viaud, Bompiani, t. II, p. 681.
830 0 _aBibliothèque Comtemporaine
_9221835
852 _aES-MaACL
_jB-37
_z-- Enc. hol.
_x-- Edic.: Corregir en el tit.: "L'exilée"
999 _c158142
_d158142